000 01053nas a2200265Ia 4500
001 R704/49377
003 IT-RoPAU
008 151124c99999999xx |||||||||||| ||und||
040 _aIT-RoPAU
040 _cIT-RoPAU
041 _aFRANCESE
100 _aAA.VV.
_gCodice Aut. SPICS: 12000
210 _aSEMIOTIQUE ET BIBLE
222 _aSemiotique Et Bible
245 _aSEMIOTIQUE & BIBLE, N.015-SETTEMBRE 1979
_bSemiotique & Bible, N.015-Settembre 1979
250 _a1a ed.
260 _aLYON
_bCADIR
_c1979
501 _bPaulus - SPICS - Società San Paolo EM (non-commercial uses only)
_cCopyright2015
300 _a64 p.
310 _aTRIMESTRALE
362 _aANNO 005, N.015-SETTEMBRE 1979
500 _aSemiotica e Bibbia: Bollettino di Studi e Analisi del Discorso Religioso. Paesaggio Intertestuale. Intertestualità nella Teoria di Mikhail Bakhtime:Sua Semiotica, Plurilinguismo e Dialogismo nel Romanzo, Tipologia dei Romanzi, Oggetto del Romanzo, Alcuni
650 _aSEMIOTICA - BIBBIA
_vPUBBLICAZIONE PERIODICA
942 _cCR
999 _c117470
_d117470